Statistics for All Languages Spoken in Balkan

Click here to take the quiz!

General Stats

  • This quiz has been taken 340 times
  • The average score is 17 of 29

Answer Stats

CountriesLanguage% Correct
Serbia, Montenegro, Kosovo, Bosnia and Herzegovina, Croatia, Slovenia, Macedonia, Romania, AlbaniaSerbian
98%
Albania, Kosovo, Macedonia, Montenegro, Greece, Serbia, Bosnia and HerzegovinaAlbanian
96%
AllRomani
96%
Bosnia and Herzegovina, Montenegro, Serbia, Kosovo, MacedoniaBosnian
95%
Croatia, Bosnia and Herzegovina, Serbia, Montenegro, Slovenia, RomaniaCroatian
95%
Greece, AlbaniaGreek
92%
Bulgaria, Greece, Serbia, RomaniaBulgarian
91%
Macedonia, Greece, Albania, Serbia, Bosnia and HerzegovinaMacedonian
89%
Romania, Serbia, Bosnia and HerzegovinaRomanian
82%
Slovenia, Croatia, Bosnia and HerzegovinaSlovene
78%
Bulgaria, Greece, Macedonia, Romania, Kosovo, Bosnia and HerzegovinaTurkish
78%
Montenegro, Bosnia and HerzegovinaMontenegrin
77%
Croatia, SloveniaItalian
68%
Romania, Serbia, Croatia, Slovenia, Bosnia and HerzegovinaHungarian
64%
Slovenia, Serbia, Croatia, RomaniaGerman
62%
Greece, Montenegro, Bulgaria, RomaniaRussian
58%
Serbia, Romania, CroatiaSlovak
54%
Romania, Serbia, CroatiaUkrainian
51%
Croatia, SerbiaCzech
47%
Bosnia and HerzegovinaPolish
45%
CroatiaFrench
42%
Macedonia, Albania, GreeceAromanian
37%
KosovoGorani
23%
Serbia, Croatia, Bosnia and HerzegovinaRusyn
22%
GreeceArmenian
21%
RomaniaTatar
17%
SerbiaVlach
14%
SerbiaBunjevac
3%
GreecePunjabi
1%

Score Distribution

Percentile by Number Answered

Percent of People with Each Score

Your Score History

You have not taken this quiz